Country Flags but Tanzania - Statistics

General Stats
  • This quiz has been taken 338 times
  • The average score is 13 of 16
Answer Stats
Picture Answer % Correct
Bhutan
93%
Botswana
92%
Turkmenistan
92%
Bangladesh
91%
Dominica
90%
Jamaica
90%
Malawi
89%
Armenia
88%
Morocco
88%
Rwanda
88%
South Korea
88%
Liberia
85%
Gabon
83%
Cyprus
60%
Luxembourg
52%
Kosovo
47%
No matching quizzes found
Score Distribution
Percent of People with Each Score
Percentile by Number Answered
Your Score History
You have not taken this quiz